Statystyki dla Raków Częstochowa, jesień 2019/2020

Kliknij tutaj aby rozwiązać quiz!

Ogólne statystyki

  • Ten quiz został rozwiązany 118 razy
  • Średni wynik to 7 z 17

Statystyki odpowiedzi

PozycjaImię i Nazwisko% Poprawnych
ObrońcaTomas Petrasek
89%
BramkarzMichał Gliwa
74%
BramkarzJakub Szumski
69%
NapastnikSebastian Musiolik
64%
PomocnikPatryk Kun
62%
ObrońcaAndrzej Niewulis
60%
PomocnikPetr Schwarz
49%
PomocnikPiotr Malinowski
49%
PomocnikIgor Sapała
43%
ObrońcaArkadiusz Kasperkiewicz
35%
PomocnikMiłosz Szczepański
35%
PomocnikDaniel Bartl
34%
ObrońcaKamil Kościelny
20%
PomocnikMaciej Domański
18%
NapastnikSzymon Lewicki
17%
PomocnikJakub Apolinarski
16%
NapastnikFranciszek Wróblewski
3%

Rozkład punktacji

Percentyl według liczby udzielonych odpowiedzi

Procent ludzi z każdym wynikiem

Twoja historia wyników

Nie rozwiązałeś tego quizu